[Event "EU-ch 12th"]
[Site "Aix les Bains"]
[Date "2011.03.30"]
[Round "8"]
[White "Azarov, Sergei Nikolaevich"]
[Black "Dubov, Daniil"]
[Result "1-0"]
[WhiteElo "2615"]
[BlackElo "2489"]
[Annotator "Marchand,A/Primel,D"]
[PlyCount "119"]
[EventDate "2011.03.22"]
[EventType "swiss"]
[EventRounds "11"]
[EventCountry "FRA"]
[SourceTitle "CBM 142 Extra"]
[Source "ChessBase"]
[SourceDate "2011.06.27"]
[SourceVersion "1"]
[SourceVersionDate "2011.06.27"]
[SourceQuality "1"]
[TimeControl "40/5400+30:1800+30"]

1. e4 e6 2. d4 d5 3. Nd2 c5 4. exd5 (4. Ngf3 Nc6 5. Bb5 cxd4 (5... dxe4 6. Nxe4
Bd7 7. Bg5 Qa5+ 8. Nc3 cxd4 (8... a6 9. Bxc6 Bxc6 10. d5 Bxd5 11. O-O (11. Ne5
$5 Qc7 12. Qe2 Bxg2 13. Rg1 Bd6 14. Nxf7 $5 $13)) 9. Nxd4 Be7 10. Bxc6 (10. Qd2
Nf6 11. O-O-O) 10... bxc6 (10... Bxc6 11. Nxc6 Qxg5 12. Qf3 $36) 11. Bxe7 Nxe7
12. O-O O-O 13. Nb3 $14) 6. O-O (6. Nxd4 Bd7 7. Nxc6 Bxc6 (7... bxc6) 8. Bxc6+
bxc6 9. c4 dxe4 10. Nxe4 (10. Qa4) 10... Qxd1+ 11. Kxd1 Nf6 12. Nxf6+ gxf6 13.
Be3 Rg8 14. g3 $14)) 4... Qxd5 (4... exd5 {L'alternative est plus
positionnelle et rentre souvent dans des finales avec un avantage minime mais
durable.} 5. Bb5+ Bd7 6. Qe2+ Be7 (6... Qe7 7. Bxd7+ Nxd7 8. dxc5 Nxc5 9. Nb3 (
9. Ndf3) 9... Qxe2+ 10. Nxe2 Nxb3 11. axb3 Bc5 12. Nc3 (12. Bd2 Ne7 13. Nf4 O-O
{Karpov,A (2725)-Kortschnoj,V (2665) World Championship 29th 1978 (16) 1/2})
12... O-O-O $6 {Hort,V-Ivkov,B Hoogovens Wijk aan Zee 1970 (12) 1-0} (12... Ne7
13. Na4 Bd6 14. Be3 $14)) 7. dxc5 Nf6 8. Nb3 O-O 9. Be3 (9. Nf3) 9... Re8 10.
Nf3 a6 11. Bd3 Ba4 12. Nfd4 Nbd7 13. O-O-O Nxc5 14. Nf5 $13 {Rublevsky,S (2662)
-Bareev,E (2709) Fujitsu Siemens Masters rapid 2000 (13) 1/2}) 5. Ngf3 cxd4 6.
Bc4 Qd6 (6... Qd7 $5 {Une idée récente} 7. O-O Nc6 8. Nb3 Nf6 9. Nbxd4 Bc5 10.
c3 O-O 11. Bg5 Ne4 {Bogut,Z (2441)-Tratar,M (2502) CRO-chT1B 21st 2012 (3.4) 1/
2}) (6... Qd8 7. O-O Nf6 8. Nb3 Nc6 9. Qe2) 7. O-O (7. Qe2 $5) 7... Nf6 8. Nb3
Nc6 9. Nbxd4 Nxd4 10. Nxd4 a6 (10... Bd7) 11. Re1 {[%cal Gd4f5,Ge1e8]} (11. Bb3
Qc7 12. Re1) 11... Qc7 12. Qe2 (12. Bb3 Bd6 13. Nf5 Bxh2+ 14. Kh1 O-O 15. Nxg7
Rd8 $11) 12... Bd6 13. Bg5 (13. Nf5 $5 $146 {Le thème Nf5 est classique dans
cette variante mais personne ne semble l'avoir joué selon les bases.  Les
modules ne le proposent pas d'ailleurs probablement а cause de l'effet
d'horizon.} Bxh2+ 14. Kh1 O-O $8 (14... Bd6 $4 15. Nxg7+ Kf8 (15... Ke7 16.
Nf5+) 16. Bh6) 15. Nxg7 $1 {[%csl Rg8] L'idée sous-jacente а Nf5} Kxg7 16. Qe3
{[%cal Ge3h6,Gh6h2]} Ng8 $8 (16... Qxc4 $4 17. Qh6+ Kg8 18. Qg5+ Kh8 19. Qxf6+)
17. Qd4+ {[%cal Gd4g7,Gd4c4]} f6 (17... e5 18. Qc3 {[%cal Gg2g3]} Be6 19. Kxh2
Bxc4 20. b3) 18. g3 {Les Blancs auront la paire de B pour un P} Bxg3 19. fxg3 {
[%csl Rg7][%cal Ge1e4,Ge4g4]} (19. Rg1 Qc6+) (19. Qg4+ Kh8 20. fxg3 e5) 19...
Qc6+ (19... Kh8 20. Bf4 $1 e5 21. Rxe5 {[%csl Gf4][%cal Gd4h8]}) (19... e5 20.
Qh4 Kh8 21. Bd3 Be6 {Les compensations des Blancs sont un peu insuffisantes}) (
19... Qxg3 20. Rg1) 20. Kg1 (20. Kh2 e5 21. Qh4) 20... e5 21. Qh4 Bf5 {[%cal
Gf5g6]} 22. Be3 Rad8 23. Re2 {[%csl Rh7][%cal Ge2h2]} (23. Bb3 Kh8 {Le
sacrifice doit être jouable car les Noirs doivent trouver les meilleurs coups
devant l'échiquier et la paire de B doit donner des compensations raisonnables
sans plus.})) 13... O-O (13... Bxh2+ $6 14. Kh1 Bd6 15. Bxe6 $1 {[%csl Re8]})
14. Nf3 (14. Bxf6 gxf6 15. Qg4+ Kh8 16. Qh4 {[%cal Gh4h2,Gh4f6]} Be7 (16...
Qxc4 17. Qxf6+ Kg8 18. Re4) 17. Re3 $36 {[%csl Rh7][%cal Ge3h3]}) 14... b5 15.
Bd3 Bb7 16. Bxf6 gxf6 17. Be4 Rfd8 $146 ({RR} 17... b4 18. Rad1 Rad8 19. h3 Bc8
20. Bd3 a5 21. Qe4 f5 22. Qh4 f6 23. Bc4 Kh8 24. b3 e5 25. Qh5 Qg7 26. Nh4 Bc5
27. Bf7 Qg3 28. Kh1 Bxf2 29. Nxf5 Rxd1 30. Nxg3 Rxe1+ 31. Kh2 Bg1+ 32. Kh1 {
Boskovic,D (2354)-Jeremic,V (2484)/Obrenovac 2002/0-1 (36)}) 18. Rad1 (18. Bxb7
Qxb7 19. Rad1 {[%cal Gd1d4,Gd4g4]}) 18... Rac8 19. c3 (19. Bd3 Bxf3 20. Qxf3
Bxh2+ 21. Kh1 Be5 22. Qe4 Bxb2 23. Qxh7+ Kf8 24. Rxe6 fxe6 25. Qh8+ Ke7 26.
Qg7+ Kd6 27. Be4+ (27. Bxb5+ Kc5 {[%csl Rd1]}) 27... Kc5 28. Qxc7+ Rxc7 29.
Rxd8 $13 {[%csl Rc2]}) 19... Bxe4 20. Qxe4 f5 (20... Qc4 21. Rd4 Qc5 (21...
Qxa2 $2 22. Qh4 {[%cal Gd4g4]}) 22. Qh4 {[%cal Gd4g4,Gh4f6]}) 21. Qh4 $14 {
[%cal Gf3g5]} Bf8 22. a4 Qe7 23. Rxd8 Qxd8 24. Qh5 Qf6 25. axb5 axb5 26. Ne5 {
[%csl Rf7]} Bg7 27. h3 {A part éviter un mat du couloir, l'idée de ce coup
m'échappe et il prive les Blancs de la possibilité de jouer Re3h3 ou Rg3} (27.
f4 $142 $5 {[%csl Rf6,Rg7,Rg8][%cal Ge1e3,Ge3g3,Ge3h3]}) 27... Qe7 28. Qf3 Qc7
29. Nd3 $8 {[%csl Gb4]} Qd6 30. Ra1 (30. Nb4) 30... Rd8 31. Ra8 Rxa8 32. Qxa8+
Bf8 33. Qf3 Qc7 34. g3 Bd6 {(=)} 35. Qe3 {Les Blancs sont un peu mieux et ils
refusent а juste titre la proposition.} Qd8 36. h4 $1 Bc7 37. Kg2 h6 (37...
Qd5+ 38. Qf3) 38. Qf3 (38. Nb4 Kg7 (38... f4 $5)) 38... Kg7 39. b3 Qd7 (39...
Qd6) 40. Nc5 Qd6 41. b4 Bd8 (41... Bb6 $11) 42. Nb7 Qc7 43. Nxd8 (43. c4 bxc4)
43... Qxd8 44. c4 $1 {[%csl Gb4]} bxc4 45. Qc3+ e5 (45... f6 46. Qxc4) 46. Qxc4
Qd2 $6 (46... Qa8+ 47. Kh2 (47. Kg1 Qa1+) 47... Qf3 48. Qc5 $14 {[%cal Gc5e5,
Gc5f2,Gb4b5]}) 47. b5 e4 48. Qc5 (48. b6 {Plus rapide} e3 49. Qf4 $18) 48... e3
49. Qe5+ Kh7 50. Qxf5+ Kg7 $2 (50... Kg8 51. b6 e2 52. b7 Qb4 53. Qc8+ Kg7 54.
b8=Q Qxb8 55. Qxb8 e1=Q) 51. Qe5+ Kg8 52. Qxe3 Qd5+ 53. Kh2 Qxb5 54. Qxh6 Qe2
55. Qg5+ Kh8 56. Qf6+ Kg8 57. Kg2 Qe4+ 58. Qf3 Qc4 59. Qh5 Qc6+ 60. Kh2 1-0

[Event "Baku FIDE GP"]
[Site "Baku"]
[Date "2014.10.07"]
[Round "5"]
[White "Svidler, Peter"]
[Black "Andreikin, Dmitry"]
[Result "1/2-1/2"]
[WhiteElo "2732"]
[BlackElo "2722"]
[Annotator "Marin,M"]
[PlyCount "61"]
[EventDate "2014.10.02"]
[EventType "tourn"]
[EventRounds "11"]
[EventCountry "AZE"]
[EventCategory "21"]
[SourceTitle "CBM 163"]
[Source "ChessBase"]
[SourceDate "2014.11.11"]
[SourceVersion "1"]
[SourceVersionDate "2014.11.11"]
[SourceQuality "1"]

1. e4 e6 2. d4 d5 3. Nd2 c5 4. Ngf3 ({As far as I understand, this move order
aims to avoid the variation} 4. exd5 Qxd5) 4... cxd4 {The French Defence
allows a wide range of interpretations. Personally, I play this opening for
the sake of getting an Isolani or a blocked centre, while the positions
without pawns in the centre are a bit boring to my taste.} ({Therefore, I
would choose either Korchnoi's and Uhlmann's old favourite} 4... Nc6 5. exd5
exd5) ({Or} 4... Nf6 {giving White a choice:} 5. exd5 ({Or else} 5. e5 Nfd7 6.
c3 Nc6) 5... exd5 6. Bb5+ Bd7) 5. Nxd4 ({Once again avoiding} 5. exd5 Qxd5)
5... Nf6 6. exd5 ({This time it was White's choice whether to open the centre
or block it. Here is a recent example with} 6. e5 Nfd7 7. N2f3 Nc6 8. Bf4 Qb6
9. Rb1 h6 10. h4 g6 11. c3 Bg7 12. Bb5 Nxd4 13. Nxd4 a6 14. Bxd7+ Bxd7 15. O-O
O-O-O $5 16. Re1 Kb8 $13 {Kobalia,M (2655)-Zatonskih,A (2471) Germany 2014 
(1-0, 41)}) 6... Qxd5 {Black has developed his queen to d5 anyway, but along
the way he has activated the white king's knight. There is little or no
strategic plot at all in this kind of position. Play is rather concrete and
White's main hope lies in obtaining some initiative or advance in development.
But in the event of simplifications, Black would be doing great.} 7. Nb5 Na6 8.
Nc3 Qd8 {Reminiscent of Black's queen retreat in the 3...Qd8 Scandinavian, as,
for instance, in Caruana-Carlsen, Tromso (ol) 2014.} 9. a3 Be7 10. Qf3 {
Both players are eager to develop the queens as soon as possible. Strictly
speaking, Black succeded in doing it first, but after the retreat to d8 he
actually conceded this moral victory to his opponent. The last move has two
possible purposes: slowing down Black's queenside development (...b7-b6 or ...
Bc8-d7) or else starting a kingside attack with Qh3/g3. White's intentions
regarding his d2-knight are clouded as yet clouded in mystery. It could move
to the left to put pressure on the black queenside or to the right, to sustain
the attacking operation.} (10. Bc4 {Delchev,A (2629)-Illescas Cordoba,M (2609)
Melilla 2011 CBM 146 [RR] (1-0, 51)}) 10... Nc7 (10... Nc5 11. b4 Ncd7 12. Nc4
{Jones,G (2635)-Akopian,V (2681) Porto Carras 2011 CBM 146 [Jones,G] (1-0, 44)}
) 11. Bd3 ({The main alternative is} 11. Nc4 {, allowing the development of
the other bishop.} Ncd5 12. Bd2 {, preparing long castling, may be a bit more
venomous:} (12. Be2 {does not seem to bother Black too much:} O-O 13. O-O b6
14. Nxd5 Nxd5 ({This is not a good moment for re-centralising the queen:} 14...
Qxd5 15. Rd1 $36) 15. Bd3 Bb7 16. Qh3 g6 17. Bh6 Re8 18. Rad1 Qc7 19. Qg3 Qxg3
20. hxg3 Red8 21. Rfe1 Bf6 22. c3 Ba6 $11 {Adams,M (2740)-Wan,Y (2512) Tromso
2013 (1/2-1/2, 39)}) 12... O-O 13. O-O-O {Even if the kingside attack fails,
the king's presence on the queenside may prove useful for sustaining the slow
advance of the pawn majority.} b6 14. Qg3 Qc7 15. Nxd5 Nxd5 16. Qxc7 Nxc7 17.
Bb4 Bxb4 18. axb4 {After this exchange White finally has a small strategic
plus, at least on the left half of the board.} Nd5 19. b5 Rd8 20. g3 Bb7 21.
Bg2 Rac8 22. Rd4 Kf8 23. Rhd1 $14 {Black is in no imemdiate danger, but
White's position surely looks more active, Smeets,J (2620)-Tratar,M (2494)
Warsaw 2013 (1-0, 50)}) 11... Ncd5 {It is a good idea to clear matters in the
centre as soon as possible.} (11... O-O {is premature, offering White a good
orientation for his planning.} 12. O-O b6 13. Nde4 Ba6 14. Rd1 Bxd3 15. Rxd3
Qe8 {White is better coordinated and exerts some dangerous kingside pressure.
In Yilmazyerli,M (2413)-Drasko,M (2459) Zenica 2013 (1-0, 37) the most
promising continuation would have been} 16. Bf4 $5 {[%cal Ga1d1] planning to
complete the development and combine the pressure in the centre with creating
concrete kingside threats.}) 12. Nxd5 ({I would think that it would make sense
to avoid the queen exchange with} 12. Nde4 {The following game has to be taken
with a certain reserve, due to the huge rating gap between the opponents.} Nxc3
13. Nxc3 O-O 14. O-O Qa5 15. Bf4 Qh5 16. Be4 Qxf3 17. Bxf3 Nd7 18. Rfd1 $32 {
[%csl Ra8,Rb7,Rc8] Adams,M (2752)-Rendle,T (2384) England 2014 (1-0, 52)})
12... Qxd5 13. Qxd5 $146 ({Rather than avoiding simplifications,} 13. Ne4 {
would actually amplify them:} Bd7 {[%cal Gd7c6]} 14. Nxf6+ (14. O-O {would
avoid the queen exchange, but offer Black very active play:} Bc6 15. Re1 Rd8 {
[%cal Gd5d4]} 16. Bh6 $5 O-O 17. Bg5 Qxg5 18. Nxg5 Bxf3 19. Nxf3 $11) 14...
Bxf6 15. Qxd5 exd5 16. c3 O-O 17. Be3 Ba4 $1 {[%csl Gd1] Preventing White's
main plan: doubling rooks on the d-file and winning the Isolani.} 18. O-O Rfd8
19. Bd4 Bxd4 20. cxd4 Rac8 21. Rac1 Kf8 $11 {Ortiz Suarez,I (2592)-Nyzhnyk,I 
(2628) Arlington 2014 (1/2-1/2, 47)}) 13... Nxd5 ({With knights on board it
makes less sense playing with an isolani:} 13... exd5 14. Nb3 {In the absence
of queens, Black cannot create kingside counterplay, being confined to
defending in a very slightly worse position.}) 14. Nf3 Bf6 {Black's minor
piece pressure faces White with difficulties completing his queenside
development. The only way to solve the problem is to start the massive advance
of the pawns, but this will create some weaknesses, too.} 15. c4 {[%csl Rd4]}
Ne7 16. Rb1 (16. Be4 {does not prevent Black's queenside development at all:}
Bd7 17. Bxb7 Rb8 18. Be4 Bxb2 19. Rb1 Bc3+ 20. Ke2 Rxb1 21. Bxb1 f6 $5 $11 {
[%cal Ge6e5,Ge8f7,Gd7e6]}) 16... Bd7 17. b4 Bc6 18. Ke2 O-O-O {This is the
most effective way of occupying the only open file. The king can be a useful
defensive piece for the queenside minority.} 19. Be3 ({With his development
incomplete and the king relatively exposed in the centre, White does not get
much out of such active incursions as} 19. Ng5 {Black has several good
continuations, but the most active is} Nf5 $5 20. Nxf7 (20. Bxf5 $2 exf5 $17 {
[%cal Gh8e8]} 21. Nxf7 $2 Rhe8+ 22. Be3 Rd7 $19 {[%csl Rf7]}) 20... Rxd3 $1 21.
Kxd3 (21. Nxh8 Rc3 {[%csl Rb1,Rg2,Rh8][%cal Gc6e4]} 22. f3 Nd4+ 23. Kf1 Rxc4
$36) 21... Rf8 22. Ng5 Rd8+ 23. Ke2 Bxg2 24. Rg1 Nd4+ 25. Ke1 Nc2+ 26. Ke2 $11)
19... Bxf3+ 20. gxf3 Nc6 21. Be4 Nd4+ 22. Kf1 Be5 {To me, this came as a
slightly surprising manoeuvre, but the game proves there is nothing wrong with
it.} ({The bishop stands quite OK on f6 and I would have thought of
generalising the fight for the dark squares with} 22... g5 $5 {for instance}
23. Rg1 h6 24. f4 gxf4 25. Bxf4 Bg5 26. Be5 f6 27. Rxg5 fxg5 28. Bxh8 Rxh8 $13)
23. f4 ({White is more or less forced to expose the more advanced of his
doubled pawns, since after the developing} 23. Kg2 {Black could play} Ne2 {
[%csl Rf4]}) 23... Bb8 24. Rd1 Nf5 25. Ke2 {A wordless (and therefore
perfectly legal) draw offer, shortly earlier than the 30th move.} ({White
could have kept some tension with} 25. Rxd8+ Rxd8 26. Bxf5 exf5 27. Ke2 {
The higher mobility of his pawn majority is compensated for by the weakness of
the f4-pawn, though, making a draw the most probable result anyway.}) 25...
Nxe3 $11 26. fxe3 f5 27. Bc2 Rxd1 28. Rxd1 Rd8 29. Rxd8+ Kxd8 30. c5 b6 31.
cxb6 1/2-1/2